000 00632nam a2200193Ia 4500
003 GCL
008 140319s9999 xx 000 0 ara d
040 _aGCL /
_cGCL
082 0 4 _a301.352
_bم م
100 1 _aمحمد السيد ايوب
245 1 0 _aمسئولية اهل الريف (هدية من الاديب عبدالفتاح الجمل) /
_cمحمد السيد ايوب
300 _a68 ص
490 _aاخترنا للفلاح
_v0
650 0 4 _aالاحوال الريفية
650 0 4 _aالحياة الريفية
650 0 4 _aالريف
650 0 4 _aالاجتماع الريفى، علم
942 _2ddc
_cBK
999 _c47664
_d47664